<?xml version="1.0" encoding="UTF-8"?>
<collection xmlns="http://www.loc.gov/MARC21/slim">
 <record>
  <leader>01107nam a22002535  4500</leader>
  <controlfield tag="001">1/49811</controlfield>
  <controlfield tag="008">990518s1996    gre1            1  agr   </controlfield>
  <datafield tag="020" ind1=" " ind2=" ">
   <subfield code="a">9608508517</subfield>
  </datafield>
  <datafield tag="035" ind1=" " ind2=" ">
   <subfield code="l">14936</subfield>
  </datafield>
  <datafield tag="040" ind1=" " ind2=" ">
   <subfield code="a">GR-PeUP</subfield>
  </datafield>
  <datafield tag="082" ind1="0" ind2="0">
   <subfield code="a">370 ΚΟ</subfield>
  </datafield>
  <datafield tag="100" ind1="1" ind2=" ">
   <subfield code="a">Κολιάδης, Εμμανουήλ Α.</subfield>
  </datafield>
  <datafield tag="245" ind1="1" ind2="0">
   <subfield code="a">Θεωρίες μάθησης και εκπαιδευτική πράξη:</subfield>
   <subfield code="b">τόμος α΄ συμπεριφοριστικές θεωρίες/</subfield>
   <subfield code="c">Εμμανουήλ Α. Κολιάδη</subfield>
  </datafield>
  <datafield tag="250" ind1=" " ind2=" ">
   <subfield code="a">2η εκδ.</subfield>
  </datafield>
  <datafield tag="260" ind1=" " ind2=" ">
   <subfield code="a">Αθήνα:</subfield>
   <subfield code="b">[χ.ε.],</subfield>
   <subfield code="c">1996</subfield>
  </datafield>
  <datafield tag="300" ind1=" " ind2=" ">
   <subfield code="a">224σ.:</subfield>
   <subfield code="b">εικ.;</subfield>
   <subfield code="c">21εκ.</subfield>
  </datafield>
  <datafield tag="500" ind1=" " ind2=" ">
   <subfield code="a">Ευρετήριο</subfield>
  </datafield>
  <datafield tag="504" ind1=" " ind2=" ">
   <subfield code="a">Βιβλιογραφία</subfield>
  </datafield>
  <datafield tag="650" ind1=" " ind2="4">
   <subfield code="a">Μάθηση.</subfield>
  </datafield>
  <datafield tag="650" ind1=" " ind2="4">
   <subfield code="a">Εκπαίδευση.</subfield>
  </datafield>
  <datafield tag="650" ind1=" " ind2="4">
   <subfield code="a">Εκπαιδευτική ψυχολογία.</subfield>
  </datafield>
  <datafield tag="852" ind1=" " ind2=" ">
   <subfield code="a">INST</subfield>
   <subfield code="b">UNIPILB</subfield>
   <subfield code="c">MAIN</subfield>
   <subfield code="e">20040709</subfield>
   <subfield code="h">370 ΚΟ</subfield>
   <subfield code="p">00130745</subfield>
   <subfield code="q">00130745</subfield>
   <subfield code="t">LOAN</subfield>
   <subfield code="v">τομ. :</subfield>
   <subfield code="y">0</subfield>
   <subfield code="4">2</subfield>
  </datafield>
  <datafield tag="852" ind1=" " ind2=" ">
   <subfield code="a">INST</subfield>
   <subfield code="b">UNIPILB</subfield>
   <subfield code="c">MAIN</subfield>
   <subfield code="e">20040709</subfield>
   <subfield code="h">370 ΚΟ</subfield>
   <subfield code="p">00130746</subfield>
   <subfield code="q">00130746</subfield>
   <subfield code="t">LOAN</subfield>
   <subfield code="v">τομ. :</subfield>
   <subfield code="y">0</subfield>
   <subfield code="4">1</subfield>
  </datafield>
  <datafield tag="852" ind1=" " ind2=" ">
   <subfield code="a">INST</subfield>
   <subfield code="b">UNIPILB</subfield>
   <subfield code="c">MAIN</subfield>
   <subfield code="e">20040709</subfield>
   <subfield code="h">370 ΚΟ</subfield>
   <subfield code="p">00135714</subfield>
   <subfield code="q">00135714</subfield>
   <subfield code="t">LOAN</subfield>
   <subfield code="v">τ.1:</subfield>
   <subfield code="y">0</subfield>
   <subfield code="z">τ.1</subfield>
   <subfield code="4">3</subfield>
  </datafield>
 </record>
</collection>
